000
00272nmm a2200097Ia 4500
008
220120s9999||||xx |||||||||||||||||und||
082
_a
00 4.165 ANT
100
_a
Antonakos, James, L
245
0
_a
Intel microprocessors family hardware and software: princip
260
_c
2007
999
_c
138856
_d
138856